Principles of emulsion technology.

Bibliographic Details
Main Author: Becher, Paul, 1918-
Format: Book
Language:English
Published: [New York] : [Reinhold], [1955]
Series:A Reinhold pilot book, 5
Subjects:

MARC

Tag First Indicator Second Indicator Subfields
LEADER 00000cam a2200000 4500
001 in00000359021
005 20160115090218.0
008 751010s1955 nyua b 00100 eng
010 |a  55014323  
035 |a (OCoLC)01691509 
035 |9 ABN6798AM 
040 |a DLC  |c FQG  |d TXA  |d UtOrBLW 
049 |a TXAM  |c [257380] 
050 0 0 |a TP156.E6  |b B4 
100 1 |a Becher, Paul,  |d 1918- 
245 1 0 |a Principles of emulsion technology. 
264 1 |a [New York] :  |b [Reinhold],  |c [1955] 
264 4 |c [©1955] 
300 |a ix, 149 pages :  |b illustrations ;  |c 18 cm. 
336 |a text  |b txt  |2 rdacontent 
337 |a unmediated  |b n  |2 rdamedia 
338 |a volume  |b nc  |2 rdacarrier 
490 0 |a A Reinhold pilot book, 5 
504 |a Bibliography: pages 143-144. 
650 0 |a Emulsions. 
740 0 |a Emulsion technology. 
999 |a MARS 
999 f f |s 13c38a2c-d666-3fab-8101-8771641971c0  |i ffd29a7f-e161-3bab-b1f1-ce52515a1b47  |t 0 
952 f f |p ric  |a Texas A&M University  |b Rellis Campus  |c Joint Library Facility  |d Remote Storage  |t 0  |e TP156.E6 B4  |h Library of Congress classification  |i unmediated -- volume  |m A14805598291 
998 f f |a TP156.E6 B4  |t 0  |l Remote Storage